Fourier Analysis on Groups

Αποθηκεύτηκε σε:
Λεπτομέρειες βιβλιογραφικής εγγραφής
Κύριος συγγραφέας: Rudin, Walter, 1921-2010
Μορφή: Βιβλίο
Γλώσσα:English
Δημοσίευση: New York : Interscience Publishers, 1962 1967
Σειρά:Interscience tracts in pure and applied mathematics ; ; 12
Θέματα:
Ετικέτες: Προσθήκη ετικέτας
Δεν υπάρχουν, Καταχωρήστε ετικέτα πρώτοι!

MARC

LEADER 00000nam a2200000 i 4500
001 1/36356
008 941103s19621967 eng d
035 |a 1990  |c ΔΩΡΕΑ  |l 10040219 
035 |a 1993  |c ΜΥΡΙΤΖΗΣ 
040 |a GR-MY-UA  |b gre  |e aacr 
041 0 |a eng 
082 0 |a 515.785 
100 1 |a Rudin, Walter,   |d 1921-2010. 
245 1 0 |a Fourier Analysis on Groups /  |c Walter Rudin 
260 |a New York :   |b Interscience Publishers,   |c 1962  |c 1967 
300 |a 285 p.;  |c 23 cm.+ 21 cm.+ 
490 1 |a Interscience tracts in pure and applied mathematics  |v ; 12 
500 |a Includes bibliographical references and index 
650 0 0 |a Fourier analysis. 
650 0 0 |a Topological groups. 
830 0 |a Interscience tracts in pure and applied mathematics ;  |v ; 12 
852 |a INST  |b SAMOS  |e 19941103  |h 515.785 RUD  |p 005300002572  |q 005300002572  |t BK  |y 0 
852 |a INST  |b SAMOS  |e 19941103  |h 515.785 RUD  |p 005300002658  |q 005300002658  |t BK  |y 0 
909 |a Σ  |b 018458 
909 |a Σ  |b 033264